000 00448nam a2200157Ia 4500
005 20250428103231.0
008 231217s9999 xx 000 0 und d
020 _a9781906465032
082 _a658.4093 DOD;1 R
100 _aDodd, Pamela. Sundheim, Doug
245 4 _aThe 25 best time management tools and techniques
260 _c2008
_bCapstone
_aChichester
300 _a128
650 _a25,time,management,tools,techniques
942 _cAA
999 _c181259
_d181259